| 000 | 00634nam a22001697a 4500 | ||
|---|---|---|---|
| 008 | 141217b xxu||||| |||| 00| 0 ara d | ||
| 100 |
_aالزيداني، عمر أنور _919294 |
||
| 245 |
_aالسياسة الشرعية عند الإمام الجويني/ _cعمر أنور الزبداني |
||
| 250 | _aالأولي | ||
| 260 |
_aبيروت-لبنان _bدار البشائر الإسلامية _c1432-2012 |
||
| 300 | _a1 | ||
| 650 |
_aالسياسة _919295 |
||
| 653 | _aالقضاء والسياسة الشرعية | ||
| 902 | _adone | ||
| 856 | _uhttp://elibrary.mediu.edu.my/books/2015/MEDIU7359.pdf | ||
| 942 |
_2ddc _cCF |
||
| 999 |
_c72156 _d72156 |
||